| 000 | 00814na a2200265 4500 | ||
|---|---|---|---|
| 001 | 15308 | ||
| 003 | MIRAKIL | ||
| 005 | 20181213155019.0 | ||
| 008 | 160907b tu 000 0 | ||
| 020 | _a9757115975 | ||
| 035 | _a15308 | ||
| 040 |
_aMilas _btur _cTR-AnCHP |
||
| 082 |
_a327.56104 _bT85o 2000 |
||
| 090 | _a327.56104 T85o 2000 | ||
| 100 | _aTuncer, Hüner | ||
| 245 |
_a19. yüzyılda Osmanlı-Avrupa ilişkileri (1814-1914) _cHüner Tuncer |
||
| 260 |
_aAnkara _bÜmit Yayıncılık _c2000 |
||
| 300 |
_a163 s. _bres. _c24 sm. |
||
| 490 |
_aUfuk dizisi _v116 |
||
| 504 | _aKaynakça var. | ||
| 651 |
_aOsmanlı İmparatorluğu _xAvrupa _y19. yüzyıl |
||
| 651 |
_aTürkiye _xDış ilişkiler _zAvrupa |
||
| 651 |
_aOsmanlı İmparatorluğu _xUluslararası ilişkiler _yAvrupa |
||
| 942 |
_2ddc _cBKS |
||
| 999 |
_c4815 _d4815 |
||